Statistiken für Zeittafel der chinesischen Qing-Dynastie

Klicken Sie hier um das Quiz zu spielen!

Allgemein

  • Dieses Quiz wurde 16 mal gespielt
  • Das Durchschnittsergebnis liegt bei 9 aus 32

Antwortstatistiken

HintAntwort% Korrekt
1839 – 1842Erster Opiumkrieg
80%
1856 – 1860Zweiter Opiumkrieg
80%
10. Oktober 1911Ausrufung der Republik in Wuchang
60%
1850/51Beginn des Taiping-Aufstandes
60%
1899/1900"Boxer-Aufstand"
60%
1792/93Britische Gesandtschaft unter Lord Macartney in China
60%
1884/1885Chinesisch-Französischer Krieg
40%
1894/1895Chinesisch-Japanischer Krieg
40%
1898Hundert-Tage-Reformen
40%
1842Vertrag von Nanjing
40%
1861Beginn der Selbststärkungsbewegung
20%
1901„Boxerprotokoll“
20%
20. Juni 1900Deutsche Gesandte Freiherr von Ketteler wird erschossen
20%
1879Höchststand der Opiumeinfuhr nach China
20%
1876 – 1879Hungersnot in Nordchina
20%
1908Kaiserinwitwe Cixi stirbt
20%
12. Februar 1912Kaiser Pu Yi dankt ab
20%
1860Konvention von Beijing
20%
1902/03„Neue Politik“
20%
1864Niederschlagung Taiping-Aufstand
20%
1899Open Door Note
20%
1729Opiumverbot durch Yongzheng-Kaiser
20%
1904/05Russisch-Japanischer Krieg
20%
29. Dezember 1911Sun Yatsen wird Präsident
20%
1720Tibet wird chinesisches Protektorat
20%
1839Vernichtung von Opium in Kanton durch den Beauftragten des Kaisers Lin Zexu
20%
1858Vertrag von Aigun zwischen Russland und China
20%
1860Zerstörung des Sommerpalastes
20%
1897Deutschland besetzt Qingdao
0%
1905Gründung „Revolutionsbund“
0%
1875Tongzhi-Kaiser stirbt
0%
1861Xianfeng-Kaiser stirbt
0%

Verteilung der Resultate

Perzentil nach korrekt beantworteten Fragen

Anzahl Personen mit jedem Resultat

Ihre Resultats-Entwicklung

Sie haben dieses Quiz noch nicht gespielt